Визуализация геологического строения в программном комплексе Geosolution для строительства нефтепровода и кустовой площадки на территории ХМАО - Югра; Проблемы геологии и освоения недр; Т. 1

Bibliografische gegevens
Parent link:Проблемы геологии и освоения недр=Problems of Geology and Subsurface Development: труды XXIV Международного симпозиума имени академика М. А. Усова студентов и молодых учёных, посвященного 75-летию Победы в Великой Отечественной войне, Томск, 6-10 апреля 2020 г./ Национальный исследовательский Томский политехнический университет, Инженерная школа природных ресурсов ; гл. ред. А. С. Боев ; под ред. Е. Ю. Пасечник.— , 2020
Т. 1.— 2020.— [С. 335-337]
Hoofdauteur: Бирюля П. С.
Coauteur: Национальный исследовательский Томский политехнический университет Инженерная школа природных ресурсов Отделение геологии
Andere auteurs: Строкова Л. А. Людмила Александровна (научный руководитель)
Samenvatting:Заглавие с экрана
Taal:Russisch
Gepubliceerd in: 2020
Reeks:Гидрогеология, инженерная геология и гидрогеоэкология. Геоинформационные системы в гидрогеологических исследованиях
Onderwerpen:
Online toegang:http://earchive.tpu.ru/handle/11683/62666
Formaat: Elektronisch Hoofdstuk
KOHA link:https://koha.lib.tpu.ru/cgi-bin/koha/opac-detail.pl?biblionumber=631345

MARC

LEADER 00000naa2a2200000 4500
001 631345
005 20231101133645.0
035 |a (RuTPU)RU\TPU\conf\33046 
035 |a RU\TPU\conf\33045 
090 |a 631345 
100 |a 20200826d2020 k y0rusy50 ca 
101 0 |a rus 
102 |a RU 
105 |a y z 100zy 
135 |a drcn ---uucaa 
181 0 |a i  
182 0 |a b 
200 1 |a Визуализация геологического строения в программном комплексе Geosolution для строительства нефтепровода и кустовой площадки на территории ХМАО - Югра  |f П. С. Бирюля  |g науч. рук. Л. А. Строкова 
203 |a Текст  |c электронный 
225 1 |a Гидрогеология, инженерная геология и гидрогеоэкология. Геоинформационные системы в гидрогеологических исследованиях 
230 |a 1 компьютерный файл (pdf; 1 478 Kb) 
300 |a Заглавие с экрана 
320 |a [Библиогр.: с. 337 (2 назв.)] 
461 1 |0 (RuTPU)RU\TPU\conf\32983  |t Проблемы геологии и освоения недр  |l Problems of Geology and Subsurface Development  |o труды XXIV Международного симпозиума имени академика М. А. Усова студентов и молодых учёных, посвященного 75-летию Победы в Великой Отечественной войне, Томск, 6-10 апреля 2020 г.  |o в 2 т.  |f Национальный исследовательский Томский политехнический университет, Инженерная школа природных ресурсов ; гл. ред. А. С. Боев ; под ред. Е. Ю. Пасечник  |d 2020 
463 1 |0 (RuTPU)RU\TPU\conf\32984  |t Т. 1  |v [С. 335-337]  |d 2020 
610 1 |a труды учёных ТПУ 
610 1 |a электронный ресурс 
610 1 |a визуализация 
610 1 |a геологическое строение 
610 1 |a программные комплексы 
610 1 |a строительство 
610 1 |a нефтепроводы 
610 1 |a кустовые площадки 
610 1 |a проектно-изыскательские работы 
700 1 |a Бирюля  |b П. С. 
702 1 |a Строкова  |b Л. А.  |c геолог  |c профессор Томского политехнического университета, доктор геолого-минералогических наук  |f 1963-  |g Людмила Александровна  |2 stltpush  |4 727 
712 0 2 |a Национальный исследовательский Томский политехнический университет  |b Инженерная школа природных ресурсов  |b Отделение геологии  |h 8083  |2 stltpush  |3 (RuTPU)RU\TPU\col\23542 
801 2 |a RU  |b 63413507  |c 20200925  |g RCR 
856 4 |u http://earchive.tpu.ru/handle/11683/62666 
942 |c BK